Responses for Show #1473 - Wednesday, January 16, 1991

Lois Kurowski game 3.
Game entered from audiorecording. Missing prizes.

Contestants

[<< previous game]

Grinnell Almy, a programmer and analyst from Santa Monica, California

Rick Rosner, a bar bouncer originally from Boulder, Colorado

Lois Kurowski, a doctoral student from Elkhart, Indiana (whose 2-day cash winnings total $29,400)

[next game >>]

Jeopardy! Round responses

"M"s ON THE MAP
FAMOUS COUPLES
WEIGHTS & MEASURES
LITERATURE
PRESIDENTIAL TRIVIA
DUELING
    $100 10
Madison

Grinnell
    $100 1
Jill Ireland

Lois
    $100 5
carat

Lois
    $100 7
(Rick: Who is Robert Burns?)

Sir Walter Scott

LoisRick
    $100 19
broccoli

Grinnell
    $100 24
(Grinnell: Who is the challenger?)
(Rick: Who is the offended party? [*]?)

the person who is challenged

RickGrinnell
    $200 11
Mohawk

Triple Stumper
    $200 2
Michelle Pfeiffer

Lois
    $200 15
(Grinnell: What is a barrel?)

a keg

RickGrinnell
    $200 8
Herman Melville

Rick
    $200 22
slept here

Grinnell
    $200 25
(Alex: And we have less than a minute to go.)

a second

Grinnell
    $300 12
Maine

Lois
    $300 3
Robert F. Kennedy

Lois
    $300 16
a peck

Grinnell
    $300 9
South Africa

Grinnell
    $300 23
(Baby) Ruth

Rick
    $300 27
horses

Lois
    $400 20
Mackinac Island

Lois
    $400 4
Victoria Principal

Rick
    $400 17
a cord

Grinnell
    $400 13
the knights

Triple Stumper
    $400 26
Coolidge

Rick
    $200 29
(Lois: What is New York?)
(Alex: No, sorry. It happened in Weehawken, [*].)
[The end-of-round signal sounds.]

New Jersey

Lois
    $500 21
Montreux

Grinnell
    $500 6
Valentina Tereshkova

Lois
    $500 18
(Rick: What is journalism, or [*]?)

typesetting (or printing)

Rick
    $500 14
(Lois: What is Eton?)

Rugby

LoisRick
    $500 28
Hoover

Lois

Scores at the first commercial break (after clue 14):

Lois Rick Grinnell
$1,100 $1,000 $400

Scores at the end of the Jeopardy! Round:

Lois Rick Grinnell
$2,100 $2,500 $1,800

Double Jeopardy! Round responses

ANIMALS
WEST VIRGINIA
10-LETTER WORDS
FLAGS
THEATER
THE CONFEDERACY
    $200 16
a black widow

Grinnell
    $200 25
a sales tax

Lois
    $200 3
metropolis

Lois
    $200 15
a star

Rick
    $200 1
Arizona

Grinnell
    $200 4
Blacks (or slaves)

Grinnell
    $400 19
marsupials

Lois
    $400 26
(Alex: With less than a minute to go.)

Virginia

Rick
    $650 12
auctioneer

Rick
    $400 18
Australia

Rick
    $400 2
The Glass Menagerie

Rick
    $400 6
"Dixie"

Lois
    $600 20
the jaguar

Lois
    $600 27
Harpers Ferry

Rick
    $600 13
apothecary

Rick
    $600 23
Abraham Lincoln

Lois
    $600 5
Alice B. Toklas

Lois
    $600 7
(2 of) Richmond, Montgomery, Danville & Washington, Georgia

Lois
    $800 21
(Lois: What's the greyhound?)
(Rick: What's the Russian wolfhound?)
...
(Alex: The borzoi is another name for a Russian wolfhound. [*] is the correct response here.)

Irish wolfhound

LoisRick
Triple Stumper
    $800 29
(Grinnell: What is [*]...)
(Alex: [*] is one of them. [**] is the...oh I'm sorry. I gave you... I gave it to you. We'll have to throw out that question.)
...
(Alex: [During Final Jeopardy] Grinnell, I must apologize. A little while ago on that response you gave, I jumped in so quickly, I may have disturbed
your train of thought. I apologize for that.)

Wheeling & Charleston

Triple Stumper
    $800 14
touchstone

Lois
    $800 24
a spear

Rick
    $1,000 9
(Alex: Anything?)
(Grinnell: No.)

Six Characters In Search Of An Author

Grinnell
    $800 8
a line item veto

Grinnell
    $1000 22
herpetology

Lois
    $1000 30
Ohio

Lois
    $1000 17
ragamuffin

Lois
    $1000 28
Saudi Arabia

Lois
    $1000 10
Spain

Lois
    $1000 11
War Secretary

Rick

Scores at the end of the Double Jeopardy! Round:

Lois Rick Grinnell
$10,700 $6,750 $2,200

[wagering suggestions for these scores]

Final Jeopardy! Round responses

OPERA CHARACTERS
(Alex: The Tales of [*].)
GrinnellWho is Goethe?
$2,200
RickWho is Hoffmann?
$4,010
LoisWho is Hoffmann?
$4,000
(E.T.A.) Hoffmann

Final scores:

Lois Rick Grinnell
$14,700 $10,760 $0
3-day champion: $44,100 2nd place 3rd place

Game dynamics:

Coryat scores:

Lois Rick Grinnell
$10,900 $6,500 $3,200
24 R,
3 W
(including 1 DD)
17 R
(including 1 DD),
2 W
12 R,
3 W
(including 1 DD)

Combined Coryat: $20,600

[game clues] [game scores] [suggest correction]

Game tape date: 1990-10-10
The J! Archive is created by fans, for fans. Scraping, republication, monetization, and malicious use prohibited; this site may use cookies and collect identifying information. See terms. The Jeopardy! game show and all elements thereof, including but not limited to copyright and trademark thereto, are the property of Jeopardy Productions, Inc. and are protected under law. This website is not affiliated with, sponsored by, or operated by Jeopardy Productions, Inc. Join the discussion at JBoard.tv.